Statistiche per Stati per forma di governo - Monarchie parlamentari

Clicka qui per fare il quiz!

Statistiche generali

  • Questo quiz è stato fatto 14 volte
  • Il punteggio medio è 24 su 29

Statistiche sulle risposte

ContinenteStato% Corretto
EuropaAndorra
100%
EuropaBelgio
100%
America del NordCanada
100%
OceaniaNuova Zelanda
100%
EuropaPaesi Bassi
100%
EuropaRegno Unito
100%
OceaniaAustralia
92%
America del NordBelize
92%
EuropaDanimarca
92%
EuropaLussemburgo
92%
EuropaNorvegia
92%
America del NordSaint Lucia
92%
EuropaSpagna
92%
EuropaSvezia
92%
America del NordGiamaica
85%
OceaniaPapua Nuova Guinea
85%
America del NordAntigua e Barbuda
77%
America del NordBahamas
77%
AsiaGiappone
77%
America del NordSaint Kitts e Nevis
77%
America del NordSaint Vincent e Grenadine
77%
AsiaCambogia
69%
OceaniaSamoa
69%
OceaniaTuvalu
69%
America del NordGrenada
62%
OceaniaIsole Salomone
62%
AfricaLesotho
54%
AsiaThailandia
54%
AsiaMalaysia
31%

Distribuzione punteggi

Percentile per numero di risposta

Percentuale di utenti per punteggio

I tuoi punteggi nel tempo

Non hai fatto questo quiz